00786cam a22002297a 4500003000500000005001700005008004100022010001000063011001000073035001000083040000900093082001500102100001700117245020000134260004600334300001000380490005200390650002500442650001000467650002700477830005200504CHAP20220329140907.0971013s1994 r 00010 d a59424 a60396 a64558 cCHAP a633.68bW400aWigg, David.14aLos revolucionarios silenciososb: una reseña de la campaña contra el hambre que llevan a cabo los científicos agrícolas (... y de cómo pudo ayudar un cultivo desdeñado : la mandioca) aWashington, D. C. :bBanco Mundial,c1994 a52 p. 0aBanco Mundial. Ensayos sobre el desarrollov; 214aPlantas comestibles.14aYuca.14aYucaxInvestigación.0 aBanco Mundial. Ensayos sobre el desarrollov; 2